000 00370 a2200145 4500
001 63569
040 _cAnchieta - Pituba
100 _aOLIVEIRA, Jorge Luis da Silva
240 1 0 _a2ª Avaliação de História, III Unidade
_lpor
245 1 0 _a2ª Avaliação de História, III Unidade
300 _a7
362 0 _a2017
650 4 _aGeografia e História
942 _cBK
999 _c63569
_d63569